000 01383cam a2200361 i 4500
001 19484680
003 OSt
005 20260317121337.0
008 170207s2017 ilu b 001 0 eng
010 _a 2017005123
020 _a9780830851591
_qhardcover : alk. paper
035 _a19484680
040 _aDLC
_beng
_cDLC
_erda
_dDLC
042 _apcc
050 0 0 _aBR110
_b.J5584 2017
082 0 0 _a261.5/61
_223
100 1 _aJohnson, Eric L.,
_d1956-
_eauthor.
245 1 0 _aGod & soul care :
_bthe therapeutic resources of the Christian faith /
_cEric L. Johnson.
264 1 _aDowners Grove :
_bInterVarsity Press,
_c[2017]
300 _a717 pages ;
_c24 cm
336 _atext
_btxt
_2rdacontent
337 _aunmediated
_bn
_2rdamedia
338 _avolume
_bnc
_2rdacarrier
504 _aIncludes bibliographical references (pages 645-701) and index.
630 0 0 _aTheology.
650 0 _aChristianity
_xPsychology.
650 0 _aPsychology, Religious.
650 0 _aPsychotherapy.
776 0 8 _iOnline version:
_aJohnson, Eric L., 1956- author.
_tGod and soul care
_dDowners Grove : InterVarsity Press, 2017
_z9780830891610
_w(DLC) 2017013117
906 _a7
_bcbc
_corignew
_d1
_eecip
_f20
_gy-gencatlg
942 _2lcc
_cBK
999 _c21530
_d21529